| 000 -NÁVESTIE |
| fixed length control field |
02013cam a2200517 4500 |
| 001 - EVIDENČNÉ ČÍSLO ZÁZNAMU - Kontrolné číslo |
| control field |
vtls012150649 |
| 005 - DÁTUM A ČAS POSLEDNEJ TRANSAKCIE |
| control field |
20260506100838.0 |
| 008 - ÚDAJE S PEVNOU DĹŽKOU – VŠEOBECNÉ INFORMÁCIE |
| fixed length control field |
221003s2022 xo oc g 000 f slo |
| 020 ## - MEDZINÁRODNÉ ŠTANDARDNÉ ČÍSLO KNIHY (ISBN) |
| Medzinárodné štandardné číslo knihy (ISBN) |
9788055185149 |
| Qualifying information |
(viazané) |
| 040 ## - ZDROJ KATALOGIZÁCIE |
| Pôvodná katalogizujúca agentúra |
TTKJF |
| Jazyk katalogizácie |
slo |
| Prepisujúca agentúra |
TTKJF |
| Modifikujúca agentúra |
SNK |
| Konvencie popisu |
rda |
| 041 1# - KÓD JAZYKA |
| Kód jazyka textu/zvukovej stopy alebo samostatných nápisov |
slo |
| Kód jazyka originálu a/alebo sprostredkujúcich prekladov textu |
cze |
| 044 ## - KÓD KRAJINY VYDAVATEĽA/PRODUCENTA |
| Kód krajiny MARC |
xo |
| Kód krajiny ISO |
SK |
| 072 #7 - KÓD PREDMETOVEJ KATEGÓRIE |
| Kód predmetovej kategórie |
821.162.4-3 |
| Pododdiel kódu predmetovej kategórie |
Slovenská próza |
| Zdroj |
konspekt |
| 080 ## - ČÍSLO MEDZINÁRODNÉHO DESATINNÉHO TRIEDENIA (MDT) |
| Číslo Medzinárodného desatinného triedenia (MDT) |
821.162.4-32 |
| Identifikátor vydania |
2011 |
| 080 ## - ČÍSLO MEDZINÁRODNÉHO DESATINNÉHO TRIEDENIA (MDT) |
| Číslo Medzinárodného desatinného triedenia (MDT) |
(=411.16) |
| Identifikátor vydania |
2011 |
| 080 ## - ČÍSLO MEDZINÁRODNÉHO DESATINNÉHO TRIEDENIA (MDT) |
| Číslo Medzinárodného desatinného triedenia (MDT) |
323.12"1939/1945" |
| Identifikátor vydania |
2011 |
| 080 ## - ČÍSLO MEDZINÁRODNÉHO DESATINNÉHO TRIEDENIA (MDT) |
| Číslo Medzinárodného desatinného triedenia (MDT) |
94(100)"1939/1945" |
| Identifikátor vydania |
2011 |
| 100 1# - OSOBNÉ MENÁ – VŠEOBECNÉ INFORMÁCIE |
| Osobné meno |
Grosman, Ladislav, |
| Dátumy súvisiace s menom |
1921-1981 |
| Kód roly |
aut |
| -- |
5509 |
| 240 10 - UNIFIKOVANÝ NÁZOV |
| Unifikovaný názov |
Spisy Ladislava Grosmana |
| Jazyk diela |
Slovensky |
| 245 10 - NÁZOV |
| Názov |
Obchod na korze |
| Údaj o zodpovednosti atď. |
Ladislav Grosman ; z českého originálu ... preložila Marta Hlušíková ; predslov napísal George Grosman ; doslov napísala Michala Lônčíková |
| 264 #1 - VYDAVATEĽSKÉ ÚDAJE, DISTRIBÚCIA ATĎ. - RDA |
| Miesto publikovania, distribúcie atď. |
Bratislava |
| Názov vydavateľa, distibútora atď. |
Ikar |
| Dátum publikovania, distribúcie atď. |
2022 |
| 300 ## - FYZICKÝ POPIS |
| Rozsah |
165 strán |
| Ďalšie fyzické detaily |
fotografie, portréty |
| Rozmery |
21 cm |
| 336 ## - TYP OBSAHU |
| Typ obsahu - termín |
text |
| Typ obsahu - kód |
txt |
| Zdroj |
rdacontent |
| 337 ## - TYP MÉDIA |
| Typ média - termín |
bez média |
| Typ média - kód |
n |
| Zdroj |
rdamedia |
| 338 ## - TYP NOSIČA |
| Typ nosiča - termín |
zväzok |
| Typ nosiča - kód |
nc |
| Zdroj |
rdacarrier |
| 500 ## - VŠEOBECNÁ POZNÁMKA |
| Formátovaná poznámka o obsahu |
Preložené z češtiny |
| 500 ## - VŠEOBECNÁ POZNÁMKA |
| Formátovaná poznámka o obsahu |
Na obale uvedené: Predloha oscarového filmu prvýkrát v slovenčine |
| 650 07 - PRIDANÝ VSTUP – PREDMET – TEMATICKÉ HESLO |
| Tematické heslo alebo geografický názov ako vstupný prvok |
Židia |
| Zdroj hesla alebo termínu |
SNKPH |
| -- |
1732 |
| 650 07 - PRIDANÝ VSTUP – PREDMET – TEMATICKÉ HESLO |
| Tematické heslo alebo geografický názov ako vstupný prvok |
holokaust (1939-1945) |
| Zdroj hesla alebo termínu |
SNKPH |
| -- |
1733 |
| 650 07 - PRIDANÝ VSTUP – PREDMET – TEMATICKÉ HESLO |
| Tematické heslo alebo geografický názov ako vstupný prvok |
druhá svetová vojna (1939-1945) |
| Zdroj hesla alebo termínu |
SNKPH |
| -- |
1735 |
| 650 07 - PRIDANÝ VSTUP – PREDMET – TEMATICKÉ HESLO |
| Tematické heslo alebo geografický názov ako vstupný prvok |
Jews |
| Zdroj hesla alebo termínu |
SNKPHeng |
| -- |
1737 |
| 650 07 - PRIDANÝ VSTUP – PREDMET – TEMATICKÉ HESLO |
| Tematické heslo alebo geografický názov ako vstupný prvok |
Holocaust (1939-1945) |
| Zdroj hesla alebo termínu |
SNKPHeng |
| -- |
1738 |
| 650 07 - PRIDANÝ VSTUP – PREDMET – TEMATICKÉ HESLO |
| Tematické heslo alebo geografický názov ako vstupný prvok |
World War (1939-1945) |
| Zdroj hesla alebo termínu |
SNKPHeng |
| -- |
1740 |
| 651 #7 - PRIDANÝ VSTUP – PREDMET – GEOGRAFICKÝ NÁZOV |
| Geografický názov |
Slovensko |
| Zdroj hesla alebo termínu |
SNKPHgeo |
| -- |
1613 |
| 651 #7 - PRIDANÝ VSTUP – PREDMET – GEOGRAFICKÝ NÁZOV |
| Geografický názov |
Slovakia |
| Zdroj hesla alebo termínu |
SNKPHeng |
| -- |
1614 |
| 655 #7 - INDEXAČNÝ TERMÍN – ŽÁNER/FORMA |
| Údaje o žánri/forme alebo termín, ktorý je prvok fazety |
slovenské novely |
| Zdroj termínu |
SNKPH |
| -- |
4041 |
| 655 #7 - INDEXAČNÝ TERMÍN – ŽÁNER/FORMA |
| Údaje o žánri/forme alebo termín, ktorý je prvok fazety |
Slovak novellas |
| Zdroj termínu |
SNKPHeng |
| -- |
4124 |
| 700 1# - PRIDANÝ VSTUP – OSOBNÉ MENO |
| Osobné meno |
Hlušíková, Marta, |
| Dátumy súvisiace s menom |
1952- |
| Kód roly |
trl |
| -- |
2159 |
| 700 1# - PRIDANÝ VSTUP – OSOBNÉ MENO |
| Osobné meno |
Lônčíková, Michala, |
| Dátumy súvisiace s menom |
1988- |
| Kód roly |
aft |
| -- |
5510 |
| 700 1# - PRIDANÝ VSTUP – OSOBNÉ MENO |
| Osobné meno |
Grosman, George, |
| Dátumy súvisiace s menom |
1953- |
| Kód roly |
aui |
| -- |
5511 |
| 711 2# - PRIDANÝ VSTUP – MENO ZHROMAŽDENIA |
| Meno zhromaždenia alebo meno jurisdikcie ako vstupný prvok |
Najkrajšie knihy Slovenska |
| Číslo časti/sekcie/zhromaždenia |
(XXXI. (59.) : |
| Dátum konania zhromaženia |
2022 |
| Miesto konania zhromaždenia |
Bratislava, Slovensko). |
| Podriadená jednotka |
Kategória: Krásna literatúra |
| -- |
5512 |
| 958 ## - Formálny deskriptor |
| Formálny deskriptor |
LX |
| 958 ## - Formálny deskriptor |
| Formálny deskriptor |
UP |
| 958 ## - Formálny deskriptor |
| Formálny deskriptor |
ZD |